000 00282nam a2200133Ia 4500
005 20251222140104.0
008 251222s1900||||xx |||||||||||||| ||spa||
020 _a842060240X
082 _a184/P66P
100 _aPlatón
245 0 _aParmenides
264 _bAlianza
942 _cLIB
999 _c4053
_d4053